000 00815nam a2200265Ia 4500
003 OSt
005 20221005060057.0
006 a|||||r|||| 00| 0
007 ta
008 221004b |||||||| |||| 00| 0 eng d
020 _a9780745330860 (pbk)
_c1658.37
024 _a110702
037 _bBBS/62, 22/11/2011, Better Book Service
_cTextual
040 _aCRL
_cCRL
_beng
041 _2eng
_aeng
082 _aW1, Q1
100 _aRousselle Duane Ed.
_9426773
245 0 _aPost anarchism
_b A reader
260 _aLondon
_bPluto Press UK
_c2011
300 _aix,268p.
_ccm.
650 _aPOLITICAL SCIENCE
700 _a Evren Sureyyya Ed.
_9426774
942 _hW1, Q1
_cTEXL
_2cc
999 _c966134
_d966134